00774cam a22002411 4500001001300000003000400013005001700017008004100034010001700075035002000092040001800112042001200130050001500142100002800157245006600185260002700251300006700278500001900345500009800364651002500462651002800487999001700515rc 01000722 DLC20260227111901.0871014s1885 cauac s 000 0 eng  arc 01000722  a(OCoLC)16851889 aDLCcCLUdDLC apremarc00aF861b.L781 aLivingstone, Rinaldo R.00aLivingstone's historical and statistical chart of California. a[San Francisco,c1885] a1 p. l., 5 double l., 1 l.billus. (incl. ports.)c42 x 35 cm. aCaption title. a"Introduction" signed and dated: Rinaldo R. Livingstone. San Francisco, Cal., March 10, 1885. 0aCaliforniaxHistory. 0aCaliforniavStatistics. c51883d51883